000 00366 a2200157 4500
001 62171
020 _a8573781254
040 _cAnchieta - Pituba
100 _aNelson, David l.
240 1 0 _aLehninger princípios de bioquímica
_lpor
245 1 0 _aLehninger princípios de bioquímica
300 _a975
362 0 _a2002
650 4 _aBioquímica
942 _cBK
999 _c62171
_d62171